La batalla entre los elefantes y los cocodrilos /

Guardado en:
Autor Principal: Shua, Ana María.
Otros Autores: Charré, Alicia; il.
Formato: Libro
Publicado: Buenos Aires : Sudamericana, 2000.
Edición:7a ed.
Series:Pan Flauta. Magenta. Naturaleza / Gigliola Zecchin de Duhalde ; 2
Materias:
Etiquetas: Agregar Etiqueta
Sin Etiquetas, Sea el primero en etiquetar este registro!
LEADER 00943nam a22002655a 4500
001 CEM.cems019850
008 221110s2000##################000#0#####d
005 20221110101301.0
245 1 0 |a La batalla entre los elefantes y los cocodrilos /  |c Ana María Shua; ilustrado por Alicia Charré. 
250 |a 7a ed. 
260 |a Buenos Aires :  |b Sudamericana,  |c 2000. 
300 |a 45 p. 
490 0 |a Pan Flauta. Magenta. Naturaleza / Gigliola Zecchin de Duhalde ;  |v 2 
500 |a Canela seudónimo de Gigliola Zecchin de Duhalde. 
020 |a 9500704846 
100 1 |a Shua, Ana María. 
700 1 |a Charré, Alicia; il. 
082 0 4 |a A868.4 
653 |a Literatura 
653 |a Literatura Argentina 
653 |a Literatura infantil 
653 |a Cuentos 
653 |a Cuento infantil 
859 |a CEMS  |b BIB. CEMS - Inicial y Primaria  |h A868.4  |i Sh91-4  |k IP  |p 1999  |t Ej.1 
859 |a CEMS  |b BIB. CEMS - Inicial y Primaria  |h A868.4  |i Sh91-4  |k IP  |p 2037  |t Ej.2